| 000 | 004960000a22001930004500 | ||
|---|---|---|---|
| 001 | 002382 | ||
| 003 | MACL | ||
| 005 | 20150726181209.0 | ||
| 008 | 150726b xxu||||| |||| 00| 0 eng d | ||
| 040 |
_aMACL _cMACL |
||
| 041 | _aEnglish | ||
| 082 | _a331/NAS | ||
| 100 |
_aNaseer, Masood _92751 |
||
| 245 |
_aSocioI̜ndusrtial Relations A View Point _cMasood Naseer |
||
| 260 |
_aAllahabad _c2004 _bBharat Bharti Prakashan, |
||
| 350 | _a200 | ||
| 650 |
_aEconomics _92752 |
||
| 942 |
_k331 _cBK _2ddc |
||
| 999 |
_c14294 _d14294 |
||